Legal infrastructures: How laws matter in the organization of new markets (Record no. 518451)

000 -LEADER
fixed length control field 01662nam a22001577a 4500
008 - FIXED-LENGTH DATA ELEMENTS--GENERAL INFORMATION
fixed length control field 210924b ||||| |||| 00| 0 eng d
100 ## - MAIN ENTRY--PERSONAL NAME
Personal name Simanyi, Lena, and Pellandini Vargha, Zsuzsanna
245 ## - TITLE STATEMENT
Title Legal infrastructures: How laws matter in the organization of new markets
260 ## - PUBLICATION, DISTRIBUTION, ETC. (IMPRINT)
Place of publication, distribution, etc Organization Studies
300 ## - PHYSICAL DESCRIPTION
Extent 42(6), Jun, 2021: p.867-889
520 ## - SUMMARY, ETC.
Summary, etc Research into the creation of markets highlights the importance of law-making, seen to express relations between stakeholders in emerging organizational fields. Less understood is the role of existing regulation, despite related work on path-dependency. We unpack the role of extant laws by analysing consecutive attempts to establish the mortgage market in post-socialist Hungary, mobilizing the anthropology of law and actor-network methods. Based on interviews and archival documents, we find, first, that existing laws exert agency in the market-building process not only through abstract legal ‘traditions’ but through technical features which may resist the market arrangements proposed by political-economic coalitions. Second, the resistance of law can vary based on whether its spokespersons (guardians of legal consistency) become ‘market engineers’ under specific organizational configurations. We theorize this agency with the concept of ‘legal infrastructure’, and show how it acts as a non-human organizer of markets, ensuring compatibility across the economy. – Reproduced
650 ## - SUBJECT ADDED ENTRY--TOPICAL TERM
Topical term or geographic name as entry element Hungary, Infrastructure, Institutionalism, Law, Market-building, Mortgage
9 (RLIN) 27628
773 ## - HOST ITEM ENTRY
Main entry heading Organization Studies
906 ## - LOCAL DATA ELEMENT F, LDF (RLIN)
Subject DIP INSTITUTIONALISM
942 ## - ADDED ENTRY ELEMENTS (KOHA)
Item type Articles
Holdings
Withdrawn status Lost status Source of classification or shelving scheme Damaged status Not for loan Permanent location Current location Date acquired Serial Enumeration / chronology Barcode Date last seen Koha item type
          Indian Institute of Public Administration Indian Institute of Public Administration 2021-09-24 42(6), Jun, 2021: p.867-889 AR125595 2021-09-24 Articles

Powered by Koha